| 000 | 00740nam a2200229Ia 4500 | ||
|---|---|---|---|
| 003 | GCL | ||
| 005 | 20240530102046.0 | ||
| 008 | 140319s9999 xx 000 0 ara d | ||
| 040 |
_aGCL / _cGCL |
||
| 082 | 0 | 4 |
_a346.04 _bم و |
| 100 | 1 | _aمعوض عبدالتواب | |
| 245 | 1 | 0 |
_aالوسيط فى التشريعات الزراعية / _cمعوض عبدالتواب |
| 260 |
_a[S.N] : _bمنشاة المعارف الاسلامية ، _c1986 |
||
| 300 | _a495 ص | ||
| 490 |
_aالكتب القانونية _v0 |
||
| 650 | 0 | 4 | _aالقانون |
| 650 | 0 | 4 | _aالايجارات |
| 650 | 0 | 4 | _aالاصلاح الزراعى |
| 650 | 0 | 4 | _aالقانون الزراعى |
| 650 | 0 | 4 | _aالاراضى الزراعية |
| 942 |
_2ddc _cBK |
||
| 999 |
_c29495 _d29495 |
||